Néhány szám...
Elmentve itt :
| Szerző: | |
|---|---|
| Dokumentumtípus: | Cikk |
| Megjelent: |
1929
|
| Sorozat: | Polgári jog : a hazai és külföldi magánjog és hiteljog szemléje
5 |
| Kulcsszavak: | Hitelszövetkezet Németország |
| Online Access: | http://misc.bibl.u-szeged.hu/5220 |
| LEADER | 00597nab a2200169 i 4500 | ||
|---|---|---|---|
| 001 | misc5220 | ||
| 005 | 20191106142750.0 | ||
| 008 | 170607s1929 hu o 0|| hun d | ||
| 040 | |a SZTE Miscellanea Repozitórium |b hun | ||
| 041 | |a hun | ||
| 100 | 1 | |a Glücksthal Andor | |
| 245 | 1 | 0 | |a Néhány szám... |h [elektronikus dokumentum] / |c Glücksthal Andor |
| 260 | |c 1929 | ||
| 300 | |a 31b | ||
| 490 | 0 | |a Polgári jog : a hazai és külföldi magánjog és hiteljog szemléje |v 5 | |
| 695 | |a Hitelszövetkezet Németország | ||
| 856 | 4 | 0 | |u http://misc.bibl.u-szeged.hu/5220/1/polgari_jog_1929_031b.pdf |z Dokumentum-elérés |